000 00551nam a2200193Ia 4500
005 20250508161632.0
008 008 250505s9999 xx 000 0 eng d
037 _aTextual
040 _aFEDL
_beng
_cFEDL
041 _aeng
_2eng
084 _a181.11, TUD
_qFEDL
100 _aTudisco A. Jeff
_9771128
245 0 _aConfucianism and taoism
260 _aSan Francisco
_bField Educational Publications
_c1969
300 _a64p.
650 _aOriental Psychology
_9757667
942 _cTEXL
_h181.11, TUD
999 _c1371246
_d1371246